Approaching literature and writing (Record no. 122588)
[ view plain ]
| 000 -LEADER | |
|---|---|
| fixed length control field | 00617nam a22001817a 4500 |
| 008 - FIXED-LENGTH DATA ELEMENTS--GENERAL INFORMATION | |
| fixed length control field | 150408b xxu||||| |||| 00| 0 eng d |
| 020 ## - INTERNATIONAL STANDARD BOOK NUMBER | |
| International Standard Book Number | 97730858 |
| 050 ## - LIBRARY OF CONGRESS CALL NUMBER | |
| Classification number | LB1739.U58A652 |
| 100 ## - MAIN ENTRY--PERSONAL NAME | |
| Personal name | UNISA |
| 9 (RLIN) | 16957 |
| 245 ## - TITLE STATEMENT | |
| Title | Approaching literature and writing |
| Remainder of title | only study guide for ENN101D |
| Statement of responsibility, etc | /by UNISA |
| 260 ## - PUBLICATION, DISTRIBUTION, ETC. (IMPRINT) | |
| Place of publication, distribution, etc | Pretoria |
| Name of publisher, distributor, etc | University of South Africa |
| Date of publication, distribution, etc | 2005 |
| 300 ## - PHYSICAL DESCRIPTION | |
| Extent | 44p. ; |
| Dimensions | 30cm. |
| 650 ## - SUBJECT ADDED ENTRY--TOPICAL TERM | |
| Topical term or geographic name as entry element | Teacher training |
| General subdivision | Manuals |
| 9 (RLIN) | 16958 |
| 650 ## - SUBJECT ADDED ENTRY--TOPICAL TERM | |
| Topical term or geographic name as entry element | English literature |
| General subdivision | History and criticism |
| 9 (RLIN) | 12762 |
| 650 ## - SUBJECT ADDED ENTRY--TOPICAL TERM | |
| Topical term or geographic name as entry element | English writing |
| 9 (RLIN) | 16967 |
| 700 ## - ADDED ENTRY--PERSONAL NAME | |
| Personal name | Rabinowitz, Ivan (ed.) |
| 9 (RLIN) | 16964 |
| 942 ## - ADDED ENTRY ELEMENTS (KOHA) | |
| Source of classification or shelving scheme | Library of Congress Classification |
| Item type | Monograph ( Printed materials) |
| Koha issues (borrowed), all copies | 1 |
| Withdrawn status | Lost status | Source of classification or shelving scheme | Damaged status | Not for loan | Collection code | Home library | Current library | Shelving location | Date acquired | Total Checkouts | Full call number | Barcode | Date last seen | Date last borrowed | Price effective from | Koha item type |
|---|---|---|---|---|---|---|---|---|---|---|---|---|---|---|---|---|
| Library of Congress Classification | Main Collection | ARRUPE LIBRARY | ARRUPE LIBRARY | Main Collection | 08/04/2015 | 1 | LB1739.U58A652 | 46500002539 | 17/11/2021 | 08/05/2015 | 08/04/2015 | Monograph ( Printed materials) |